000 01578nam0a22003131 4500
001 rc\3788034
005 20120311163420.2
021 _aRU
_b[75-69577]
035 _a(NLR Aleph) 007250836
090 _a5203486
_c5203486
100 _a20120311d1975 |||y0rusy50 ca
101 0 _arus
102 _aRU
105 _ay z |||||
200 1 _aПовторные посевы при орошении в Молдавии
_e(Обзор)
_fМолд. науч.-исслед. ин-т науч.-техн. информации и техн.-экон. исследований Госплана МССР
210 _aКишинев
_c[МолдНИИНТИ]
_d1975
215 _a73 с.
_d20
300 _aАвт. указаны на обороте тит. л.: В.С. Снеговой, Я.С. Константинов, К.И. Степанов
320 _aСписок лит.: с. 67-72 (63 назв.)
606 _aСельскохозяйственные культуры
_xПосев повторный
_yМССР
_2psbo
700 1 _aСнеговой
_bВ. С.
_f1938-
_gВладимир Семенович
701 1 _aКонстантинов
_bЯ. С.
701 1 _aСтепанов
_bК. И.
712 0 2 _aМолдавский научно-исследовательский институт научно-технической информации и технико-экономических исследований
_cКишинев
_3RU\NLR\AUTH\8810062638
801 0 _aRU
_bNLR
_gpsbo
801 1 _aRU
_bELAR
_2rusmarc
852 _aNLR
_j75-4/19034
942 _cBOOK
980 _aNB